ARRUPE JESUIT UNIVERSITY

CORONAVIRUS -STOP THE SPREAD - CLEAN,DISINFECT,COVER

A short history of the Civil War : (Record no. 121198)

MARC details
000 -LEADER
fixed length control field 01210pam a2200313 a 4500
001 - CONTROL NUMBER
control field 1651485
003 - CONTROL NUMBER IDENTIFIER
control field ARRUPE
005 - DATE AND TIME OF LATEST TRANSACTION
control field 20141107114943.0
008 - FIXED-LENGTH DATA ELEMENTS--GENERAL INFORMATION
fixed length control field 970127r19971948nyub 001 0 eng
010 ## - LIBRARY OF CONGRESS CONTROL NUMBER
LC control number 97004264
020 ## - INTERNATIONAL STANDARD BOOK NUMBER
International Standard Book Number 0486297020 (pbk.)
040 ## - CATALOGING SOURCE
Original cataloging agency DLC
Transcribing agency DLC
Modifying agency DLC
043 ## - GEOGRAPHIC AREA CODE
Geographic area code n-us---
050 00 - LIBRARY OF CONGRESS CALL NUMBER
Classification number E468
Item number .P83 1997
082 00 - DEWEY DECIMAL CLASSIFICATION NUMBER
Classification number 973.7
Edition number 21
300 ## - PHYSICAL DESCRIPTION
Other physical details maps ;
Dimensions 22 cm.
100 1# - MAIN ENTRY--PERSONAL NAME
Personal name Pratt, Fletcher,
Dates associated with a name 1897-1956.
9 (RLIN) 12482
240 10 - UNIFORM TITLE
Uniform title <a href="Ordeal by fire">Ordeal by fire</a>
245 12 - TITLE STATEMENT
Title A short history of the Civil War :
Remainder of title ordeal by fire /
Statement of responsibility, etc Fletcher Pratt ; maps by Rafael Palacios ; new preface by David Madden.
246 30 - VARYING FORM OF TITLE
Title proper/short title Civil War
260 ## - PUBLICATION, DISTRIBUTION, ETC. (IMPRINT)
Place of publication, distribution, etc Mineola, N.Y. :
Name of publisher, distributor, etc Dover Publications,
Date of publication, distribution, etc 1997.
300 ## - PHYSICAL DESCRIPTION
Extent xxii, 426 p. :
500 ## - GENERAL NOTE
General note Originally published: Ordeal by fire. Rev. 2nd ed. New York : W. Sloane, 1948.
500 ## - GENERAL NOTE
General note Includes index.
651 #0 - SUBJECT ADDED ENTRY--GEOGRAPHIC NAME
Geographic name United States
General subdivision History
Chronological subdivision Civil War, 1861-1865.
9 (RLIN) 12483
856 42 - ELECTRONIC LOCATION AND ACCESS
Materials specified Publisher description
Uniform Resource Identifier <a href="http://www.loc.gov/catdir/description/dover032/97004264.html">http://www.loc.gov/catdir/description/dover032/97004264.html</a>
906 ## - LOCAL DATA ELEMENT F, LDF (RLIN)
a 7
b cbc
c orignew
d 1
e ocip
f 19
g y-gencatlg
942 ## - ADDED ENTRY ELEMENTS (KOHA)
Source of classification or shelving scheme Library of Congress Classification
Koha item type Monograph ( Printed materials)
Holdings
Withdrawn status Lost status Source of classification or shelving scheme Damaged status Not for loan Collection code Home library Current library Shelving location Date acquired Total Checkouts Full call number Barcode Date last seen Price effective from Koha item type
    Library of Congress Classification     Main Collection ARRUPE LIBRARY ARRUPE LIBRARY Main Collection 07/11/2014   E468 .P83 1997 46500003748 13/12/2017 07/11/2014 Monograph ( Printed materials)

 

Arrupe Library. PO Box MP320 Mt Pleasant, Harare, Zimbabwe
263 242 745411|librarian@aju.ac.zw